Escuela para Súper Héroes : Escuela de Rehabilitación de La Pitahaya : diseño de espacios físicos de aprendizaje y rehabilitación para personas con discapacidad múltiple
Furkejuvvon:
| Váldodahkki: | |
|---|---|
| Eará dahkkit: | |
| Materiálatiipa: | Dovdameahttun |
| Giella: | Spanish |
| Almmustuhtton: |
[San José, Costa Rica],
2013
|
| Fáttát: | |
| Liŋkkat: | https://cedi.ucr.ac.cr/arquitectura/escuela-de-rehabilitacion-de-la-pitahaya-diseno-de-espacios-fisicos-de-aprendizaje-y-rehabilitacion-para-personas-con-discapacidad-multiple/ |
| Fáddágilkorat: |
Lasit fáddágilkoriid
Eai fáddágilkorat, Lasit vuosttaš fáddágilkora!
|
MARC
| LEADER | 00000 a2200000 4500 | ||
|---|---|---|---|
| 003 | EA0068 | ||
| 005 | 20231005141223.0 | ||
| 008 | 140114s2013 cr a 000 ||spa d | ||
| 040 | |c cru CEDI | ||
| 090 | |a TFG EA-068 | ||
| 100 | |a Chang Ugarte, Arlette Rebeca |9 20065 | ||
| 245 | |a Escuela para Súper Héroes : Escuela de Rehabilitación de La Pitahaya : diseño de espacios físicos de aprendizaje y rehabilitación para personas con discapacidad múltiple | ||
| 260 | |a [San José, Costa Rica], |c 2013 | ||
| 500 | |a Proyecto de graduación(licenciatura en arquitectura)--Universidad de Costa Rica. Facultad de Ingeniería. Escuela de Arquitectura | ||
| 501 | |a Director del proyecto: Arq. Omar Chavarría Abarca | ||
| 650 | |x ESCUELA DE REHABILITACION LA PITAHAYA (SAN JOSE, COSTA RICA) |x ARQUITECTURA Y PERSONAS CON DISCAPACIDADES - COSTA RICA |x DISEÑO ARQUITECTONICO |x SERVICIOS PARA PERSONAS CON DISCAPACIDADES |x ESPACIO (ARQUITECTURA) |x PERSONAS CON DISCAPACIDADES |x ESTIMULACION SENSORIAL |9 20066 | ||
| 700 | |9 68 |a Chavarría Abarca, Omar Eliecer., 1969- |d Director del TFG | ||
| 856 | |u https://cedi.ucr.ac.cr/arquitectura/escuela-de-rehabilitacion-de-la-pitahaya-diseno-de-espacios-fisicos-de-aprendizaje-y-rehabilitacion-para-personas-con-discapacidad-multiple/ |y https://cedi.ucr.ac.cr/arquitectura/escuela-de-rehabilitacion-de-la-pitahaya-diseno-de-espacios-fisicos-de-aprendizaje-y-rehabilitacion-para-personas-con-discapacidad-multiple/ | ||
| 942 | |c CEDI |2 ddc | ||
| 999 | |c 12784 |d 12784 | ||
